Paul Gauguin, life and work /

Bibliographic Details
Main Author: Hoog, Michel
Format: Book
Language:English
French
Published: New York : Rizzoli, 1987.
Subjects:

MARC

Tag First Indicator Second Indicator Subfields
LEADER 00000cam a2200000 a 4500
001 in00000020074
005 20151007053819.0
008 870514s1987 nyua b 00110beng
010 |a  87045389  
020 |a 0847808432 :  |c $85.00 
035 |a (OCoLC)15791305 
035 |9 AAB2909AM 
040 |a DLC  |c DLC  |d TXA  |d UtOrBLW 
041 1 |a eng  |a fre 
049 |a TXAM  |c [A11073102] 
050 0 0 |a N6853.G34  |b H6613 1987 
082 0 |a 759.4  |a B  |2 19 
100 1 |a Hoog, Michel. 
240 1 0 |a Paul Gauguin, vie et œuvre.  |l English 
245 1 0 |a Paul Gauguin, life and work /  |c Michel Hoog. 
264 1 |a New York :  |b Rizzoli,  |c 1987. 
300 |a 332 pages :  |b illustrations (some color) ;  |c 31 cm. 
336 |a text  |b txt  |2 rdacontent 
337 |a unmediated  |b n  |2 rdamedia 
338 |a volume  |b nc  |2 rdacarrier 
500 |a Translation of: Paul Gauguin, vie et œuvre. 
504 |a Bibliography: pages 315-316. 
500 |a Includes index. 
600 1 0 |a Gauguin, Paul,  |d 1848-1903. 
650 0 |a Artists  |z France  |v Biography. 
999 |a MARS 
999 f f |s 7652e404-0eae-36dd-a521-1e2ba8d79dee  |i 34974958-abb3-3b08-8b99-ecbcfe7496f2  |t 0 
952 f f |p ric  |a Texas A&M University  |b Rellis Campus  |c Joint Library Facility  |d Remote Storage  |t 0  |e N6853.G34 .H6613 1987  |h Library of Congress classification  |i unmediated -- volume  |m A14811073102 
998 f f |a N6853.G34 .H6613 1987  |t 0  |l Remote Storage